Normal view
MARC view
Entry Personal Name
001 - CONTROL NUMBER
- control field: 1423
003 - CONTROL NUMBER IDENTIFIER
- control field: BD-RjUL
005 - DATE AND TIME OF LATEST TRANSACTION
- control field: 20220217101652.0
008 - FIXED-LENGTH DATA ELEMENTS
- fixed length control field: 220217|| aca||aabn | a|a d
040 ## - CATALOGING SOURCE
- Original cataloging agency: BD-RjUL
- Transcribing agency: BD-RjUL
100 ## - HEADING--PERSONAL NAME
- Personal name: Akand, Md. Mustafa Kamal
670 ## - SOURCE DATA FOUND
- Source citation: Work cat.: (BD-RjUL)79406: Akand, Md. Mustafa Kamal, Cultural Adaptation of the Ethnic Migrants to an Urban Setting :, 2005